000 00644nam a2200241Ia 4500
003 OSt
005 20221005043602.0
006 a|||||r|||| 00| 0
007 ta
008 221004b |||||||| |||| 00| 0 eng d
024 _a40468
037 _cTextual
040 _aCRL
_cCRL
_beng
041 _2eng
_aeng
082 _aNv1:N, J4
100 _aMalraux Andre
_961680
245 0 _aVoices of silence tr from the French by Stuart Gilbert
260 _aGreat
_bBritain Fletcher &Son Ltd UK
_c1954
300 _a679p
_ccm.
650 _aARTS
942 _hNv1:N, J4
_cTEXL
_2cc
999 _c952116
_d952116